000 00437nam a2200133Ia 4500
008 150610s9999 xx 000 0 und d
020 _a9789715741590
050 _aHD 62.5
_b.B212 2010
100 _aBanastao, Cristina B. 
245 _aEntrepreneurship /
_cCristina B. Banastao and Solita A. Frias.
260 _aQuezon City :
_bKatha Publishing,
_c2010.
300 _a206pages :
_billustrations ;
_c26 cm.
520 _aEntrepreneurship.
999 _c288215
_d288215